000
00250nam a2200097Ia 4500
001
760730
005
20250826165154.0
008
250824s9999 xx 000 0 und d
245
0
_a
CENNET MAHKUMU
_c
CARLOS RUIZ ZAFON
260
_b
ALTIN KİTAPLAR YAYINLARI
999
_c
760730
_d
760730